000 00885cam a2200205 4500
001 WB3627-22
008 000000n2000 000 0 eng u
035 _a(Sirsi) u107113
245 _aLandlord and tenant
260 _c2000
490 _aEstates Gazette Case Summaries
_v [2000] EGCS 81 (8/7/00)
520 _a"Starmark Enterprises Ltd v CPL Distribution Ltd" ChD 6 June 2000. Claimant and defendant were landlord and tenant and the dispute was over a rent increase. A counternotice was served out of time and by a clause in the rent notice the tenant was deemed to have agreed to pay an increase. Conflicting authorities reviewed. Judgment for the tenant.
590 _aWB
650 _aTIME OF THE ESSENCE
650 _aRENT REVIEWS
650 _aSTARMARK ENTERPRISES
650 _aCPL DISTRIBUTION
690 _aLANDLORD AND TENANT-RENT REVIEWS-CASE LAW
942 _n0
999 _c64051
_d64051